000 00766nam a22002897a 4500
001 BR0902294
003 BR-BrBNA
005 20230928102935.0
007 ta
008 230509b bl.||||| |||| 00| 0 por d
040 _aBR-BrBNA
_bpor
_cBiblioteca Nacional de Agricultura
041 _a(Por)
072 _aH10
_b4020
090 _ 4020 BR0902294
100 1 _aMariconi, F.A.M.
245 1 _aInsetos daninhos às plantas cultivadas
250 1 _a3. ed.
260 3 _aSão Paulo, SP (Brasil):
_bLivraria Nobel S.A.,
_c1974.
300 _a123 p.
500 _aBibliography p. 121-123; 22 illus.
650 _aINSETO
650 _aPRAGA DE PLANTA
650 _aBIOLOGIA
650 _aINSETICIDA
909 _a202309
_bLucia
_c55
_dLucia Elande
942 _cBK
999 _c73066
_d73066